[Event "AUTO-ADV-4896"]
[Site "http://www.queenalice.com/game.php?id=1863794"]
[Date "2025.10.4"]
[Round "1"]
[White "Zeca1955"]
[Black "Connor"]
[Result "0-1"]
[WhiteElo "1894"]
[BlackElo "1847"]

1. e4 e5 2. Nf3 d6 3. Bc4 Be7 4. c3 Nf6 5. Qb3 O-O 6. d3 Nbd7 7. h3 a6 8. a4 Nb6
9. a5 Nxc4 10. Qxc4 Bd7 11. d4 exd4 12. Qxd4 Bc6 13. Nbd2 Nd7 14. O-O Bf6 15.
Qe3 Re8 16. Qd3 Nc5 17. Qc2 Nxe4 18. Re1 Nxd2 19. Rxe8+ Qxe8 20. Bxd2 Bxf3 21.
gxf3 Qe2 22. Kg2 Qb5 23. b4 Bg5 24. Rg1 Bxd2 25. Qxd2 Qh5 26. Qe3 f6 27. Kh2
Qe5+ 28. f4 Qxe3 29. fxe3 Re8 30. Rg3 Re4 31. h4 Rc4 32. h5 Rxc3 33. h6 g6 34.
f5 g5 35. e4 Rc4 36. Rb3 Rxe4 37. b5 axb5 38. Rxb5 Re5 39. Rxb7 Rxa5 40. Rxc7
Rxf5 41. Rg7+ Kf8 42. Rxh7 g4 43. Rd7 Rh5+ 44. Kg3 Rxh6 45. Rxd6 Rg6 46. Rd5 Kg7
47. Rd7+ Kh6 48. Rd4 f5 49. Rf4 Kg5 50. Rf2 Rh6 51. Rh2 Rxh2 52. Kxh2 Kf4 53.
Kg2 g3 54. Kf1 Kf3 55. Kg1 g2 56. Kh2 Kf2 0-1

[Event "AUTO-ADV-4896"]
[Site "http://www.queenalice.com/game.php?id=1863795"]
[Date "2025.10.4"]
[Round "1"]
[White "Connor"]
[Black "Zeca1955"]
[Result "1/2-1/2"]
[WhiteElo "1845"]
[BlackElo "1896"]

1. d4 d5 2. e3 e6 3. c4 c6 4. Nf3 Be7 5. Nc3 Nf6 6. a3 b6 7. cxd5 Nxd5 8. Nxd5
cxd5 9. Bb5+ Bd7 10. Qa4 a6 11. Bxd7+ Nxd7 12. b4 b5 13. Qd1 Qc7 14. Bb2 Rc8 15.
Rc1 Qb7 16. Rxc8+ Qxc8 17. O-O O-O 18. Qc1 Nb6 19. Qxc8 Rxc8 20. Rc1 Rxc1+ 21.
Bxc1 f6 22. Nd2 f5 23. Nb3 Na8 24. Nc5 Nc7 25. g3 Kf7 26. h4 h5 27. Kg2 g6 28.
f4 Bf8 29. Kf3 Ke7 30. Nd3 Bg7 31. Bb2 Kd6 32. Nc5 Kc6 33. Ke2 Bf8 34. Bc3 Kd6
35. Kf3 Be7 36. a4 bxa4 37. Nxa4 Nb5 38. Bd2 Kc6 39. Nc5 Nc7 40. Ke2 Kb5 41. Kd3
Bd6 42. Be1 Be7 43. Bd2 Bd6 44. Be1 Be7 1/2-1/2

[Event "AUTO-ADV-4896"]
[Site "http://www.queenalice.com/game.php?id=1863806"]
[Date "2025.10.4"]
[Round "1"]
[White "Connor"]
[Black "maurice916"]
[Result "1-0"]
[WhiteElo "1871"]
[BlackElo "1837"]

1. d4 d5 2. e3 Nf6 3. Nf3 Bg4 4. c4 c6 5. Nc3 e6 6. c5 a5 7. Na4 Na6 8. Bd2 Be7
9. a3 O-O 10. Nb6 Rb8 11. Bxa5 Qe8 12. Be2 Nd7 13. Nxd7 Qxd7 14. Ne5 Bxe2 15.
Qxe2 Qc8 16. Bc3 Qc7 17. b4 b5 18. g3 Ra8 19. O-O Bf6 20. Nf3 Rfe8 21. Rfe1 e5
22. dxe5 Bxe5 23. Nxe5 Rxe5 24. Bxe5 Qxe5 25. Qg4 h5 26. Qd4 Qg5 27. e4 dxe4 28.
Qxe4 Qf6 29. Qc2 g6 30. a4 Nxb4 31. Qb3 Nd5 32. a5 Kh7 33. a6 Ra7 34. Rec1 Qf5
35. Qd1 Qh3 36. Qe1 Re7 37. Qf1 Qc8 38. Re1 Ra7 39. Qe2 Nb4 40. Qe8 Qf5 41. Qb8
Qd7 42. Re8 Nd5 43. Rh8+ Kg7 44. Qe5+ Nf6 45. Qb8 Nd5 46. Qf8+ Kf6 47. Qd8+ Qxd8
48. Rxd8 Ke7 49. Rb8 Kd7 50. Rb7+ Rxb7 51. axb7 Kc7 52. Ra7 b4 53. b8=Q+ Kxb8
54. Rxf7 b3 55. Rf3 Nc7 56. Rxb3+ Nb5 57. Re3 Nd4 58. Rd3 Nf5 59. Rf3 Kc7 60.
Rf4 Kd7 61. g4 hxg4 62. Rxg4 Ne7 63. f4 Ke6 64. Kg2 Kf5 65. Kg3 Nd5 66. Rg5+ Kf6
67. h4 Ne7 68. h5 gxh5 69. Rxh5 Kg6 70. Kg4 Kf6 71. Rh6+ Kg7 72. Kg5 Kf7 73. f5
Ke8 74. f6 Ng8 75. Rh8 Kf7 76. Rxg8 Kxg8 77. Kg6 Kf8 78. f7 1-0

[Event "AUTO-ADV-4896"]
[Site "http://www.queenalice.com/game.php?id=1863807"]
[Date "2025.10.4"]
[Round "1"]
[White "maurice916"]
[Black "Connor"]
[Result "1-0"]
[WhiteElo "1862"]
[BlackElo "1874"]

1. Nf3 d5 2. b3 e6 3. Bb2 Nf6 4. e3 c5 5. d4 cxd4 6. Nxd4 a6 7. Nd2 Bd7 8. Bd3
Be7 9. O-O O-O 10. c4 dxc4 11. Bxc4 Nc6 12. N2f3 Nxd4 13. Nxd4 Rc8 14. Rc1 b5
15. Bd3 Rxc1 16. Qxc1 Qc8 17. Bb1 Qxc1 18. Rxc1 Rd8 19. f3 Nd5 20. Nc6 Bxc6 21.
Rxc6 Nxe3 22. Rc1 Rd1+ 23. Rxd1 Nxd1 24. Ba1 Ne3 25. Kf2 Nd5 26. Bb2 a5 27. Ke2
a4 28. bxa4 bxa4 29. a3 Bf6 30. Bxf6 gxf6 31. Bc2 Nb6 32. Kd3 e5 33. Kc3 h6 34.
Kb4 1-0

[Event "AUTO-ADV-4889"]
[Site "http://www.queenalice.com/game.php?id=1864637"]
[Date "2025.10.23"]
[Round "2"]
[White "Connor"]
[Black "marcoswerneck"]
[Result "0-1"]
[WhiteElo "1875"]
[BlackElo "1921"]

1. d4 d5 2. e3 e6 3. c4 Nf6 4. Nf3 h6 5. Nc3 Bd7 6. cxd5 exd5 7. Bb5 c6 8. Be2
Bd6 9. a3 O-O 10. O-O Be6 11. Bd3 Nbd7 12. e4 dxe4 13. Nxe4 Qc7 14. Nxd6 Qxd6
15. Re1 b5 16. Qc2 Bg4 17. Be2 Qd5 18. Be3 Ne4 19. Nd2 Bxe2 20. Rxe2 Nxd2 21.
Rxd2 Nf6 22. Rc1 Rac8 23. Qc5 Qxc5 24. dxc5 a5 25. b4 axb4 26. axb4 Ra8 27. Rb2
Nd7 28. g3 Ne5 29. Rd1 Ra4 30. Kg2 Rfa8 31. Rd6 Nc4 32. Bd4 Nxb2 0-1

[Event "AUTO-ADV-4889"]
[Site "http://www.queenalice.com/game.php?id=1864638"]
[Date "2025.10.23"]
[Round "2"]
[White "marcoswerneck"]
[Black "Connor"]
[Result "0-1"]
[WhiteElo "1935"]
[BlackElo "1852"]

1. e4 e5 2. d3 Be7 3. a3 Nf6 4. h3 d6 5. Nf3 Nc6 6. Nc3 a6 7. Be3 Bd7 8. Be2 h6
9. Qd2 b5 10. O-O b4 11. Nd5 bxa3 12. bxa3 O-O 13. Bxh6 Nxd5 14. exd5 Nd4 15.
Nxd4 exd4 16. Bf4 Bf6 17. a4 Be5 18. Bg5 Bf6 19. Bf4 Be5 20. Bxe5 dxe5 21. Bf3
Rb8 22. Rfe1 f6 23. c4 Qe8 24. c5 Bxa4 25. c6 Bb5 26. Qa5 Qe7 27. Qd2 Qf7 28.
Rac1 Rbd8 29. Re4 Rxd5 30. Rg4 Rd6 31. Qh6 f5 32. Bd5 Rxd5 33. Rh4 Qf6 34. Qh7+
Kf7 35. Rh6 Qxh6 36. Qxf5+ Kg8 0-1

[Event "AUTO-ADV-4889"]
[Site "http://www.queenalice.com/game.php?id=1864640"]
[Date "2025.10.23"]
[Round "2"]
[White "jogo"]
[Black "Connor"]
[Result "1/2-1/2"]
[WhiteElo "1680"]
[BlackElo "1912"]

1. e4 e5 2. Nf3 d6 3. d4 exd4 4. Nxd4 Be7 5. f4 Bd7 6. h3 Nc6 7. Bc4 Bf6 8. Be3
Nxd4 9. Bxd4 Bxd4 10. Qxd4 f6 11. Nc3 Ne7 12. Bb3 a6 13. Qc4 Rf8 14. O-O-O Ng6
15. a4 Nxf4 16. Nd5 Nxd5 17. Qxd5 Bc6 18. Qh5+ g6 19. Qxh7 g5 20. Qh5+ Ke7 21.
Qh7+ Ke8 22. Rhf1 Qd7 23. Qg6+ Kd8 24. Rxf6 Rxf6 25. Qxf6+ Qe7 26. Qh8+ Be8 27.
Qd4 Bc6 28. e5 Bxg2 29. exd6 cxd6 30. Qxd6+ Qxd6 31. Rxd6+ Kc7 32. Rg6 Bxh3 33.
Rxg5 Rd8 34. Rg7+ Rd7 35. Rxd7+ Kxd7 36. a5 Kd6 37. Kd2 Kc5 38. c3 Bg2 39. Be6
Kb5 40. b4 Bf1 41. Bd7+ Kc4 42. Be6+ Kb5 43. Bd7+ Kc4 44. Be6+ Kb5 45. Bd7+
1/2-1/2

[Event "AUTO-ADV-4903"]
[Site "http://www.queenalice.com/game.php?id=1865399"]
[Date "2025.11.10"]
[Round "1"]
[White "game"]
[Black "Connor"]
[Result "0-1"]
[WhiteElo "1605"]
[BlackElo "1891"]

1. d4 d5 2. e3 e6 3. Nf3 Nf6 4. Nc3 c5 5. dxc5 Bxc5 6. Ne5 Nbd7 7. f4 Bb4 8. Bd2
Nxe5 9. fxe5 Ne4 10. Bb5+ Bd7 11. O-O Bxc3 12. Qf3 O-O 13. bxc3 Nxd2 14. Qh3
Bxb5 15. Rfd1 Ne4 16. Rab1 Nxc3 17. e4 Nxb1 18. Rxb1 Bc6 19. Rd1 Qb6+ 20. Kh1
dxe4 21. Rf1 Rad8 22. Qh5 Rd2 23. h3 Rf2 24. Kg1 Rf5+ 0-1

[Event "AUTO-ADV-4903"]
[Site "http://www.queenalice.com/game.php?id=1865400"]
[Date "2025.11.10"]
[Round "1"]
[White "Connor"]
[Black "game"]
[Result "1-0"]
[WhiteElo "1886"]
[BlackElo "1610"]

1. d4 d5 2. e3 Nc6 3. c4 Bf5 4. cxd5 Nb4 5. Qa4+ Qd7 6. Qxb4 Qxd5 7. Nc3 e5 8.
Qb5+ Qxb5 9. Nxb5 Rc8 10. Nxa7 Rd8 11. Nb5 Rd5 12. Nxc7+ Kd8 13. Nxd5 exd4 14.
exd4 Ne7 15. Nxe7 Bxe7 16. Bd2 Kd7 17. Nf3 Rc8 18. Ne5+ Ke8 19. Bd3 Bg6 20. Nxg6
Rd8 21. Nxe7 Kxe7 22. Bxh7 g6 23. Bxg6 fxg6 24. Bg5+ 1-0

[Event "AUTO-ADV-4903"]
[Site "http://www.queenalice.com/game.php?id=1865413"]
[Date "2025.11.10"]
[Round "1"]
[White "maurice916"]
[Black "Connor"]
[Result "0-1"]
[WhiteElo "1734"]
[BlackElo "1926"]

1. Nf3 d5 2. b3 e6 3. Bb2 Nf6 4. e3 c5 5. Bb5+ Bd7 6. Bxd7+ Nbxd7 7. c4 dxc4 8.
bxc4 Be7 9. O-O O-O 10. d4 cxd4 11. Nxd4 Rc8 12. Nd2 a6 13. Rc1 Nc5 14. N2f3 Qb6
15. Ba1 Qa5 16. Qe2 Qd8 17. Rfd1 Qc7 18. Nb3 Rfd8 19. Be5 Rxd1+ 20. Qxd1 Qd8 21.
Bd4 Nxb3 22. axb3 h6 23. Qe2 Ne4 24. Qb2 Bf6 25. Ne5 g5 26. f3 Nd6 27. Qb1 Nf5
28. Nxf7 Kxf7 29. Bxf6 Qxf6 30. e4 Nd4 31. Re1 e5 32. Qb2 Qb6 33. Re3 Rxc4 34.
Qa2 Rc1+ 35. Kf2 Rc2+ 36. Qxc2 Nxc2 0-1

[Event "AUTO-ADV-4903"]
[Site "http://www.queenalice.com/game.php?id=1865414"]
[Date "2025.11.10"]
[Round "1"]
[White "Connor"]
[Black "maurice916"]
[Result "1-0"]
[WhiteElo "1908"]
[BlackElo "1687"]

1. d4 d6 2. e3 g6 3. Nf3 Bg7 4. c4 Bg4 5. Nc3 Nf6 6. Be2 Nbd7 7. Bd2 e5 8. dxe5
Bxf3 9. exf6 Bxe2 10. fxg7 Rg8 11. Qxe2 Qf6 12. Nd5 Qxg7 13. Bc3 Qh6 14. Nxc7+
Ke7 15. Nxa8 Rxa8 16. Bd4 b6 17. O-O Re8 18. b4 Kd8 19. Qf3 f5 20. Qa8+ Ke7 21.
Qxa7 Rd8 22. Bxb6 Rc8 23. c5 Rc6 24. cxd6+ Rxd6 25. Bc5 1-0

[Event "AUTO-ADV-4905"]
[Site "http://www.queenalice.com/game.php?id=1866003"]
[Date "2025.11.22"]
[Round "1"]
[White "Capixaba789"]
[Black "Connor"]
[Result "1/2-1/2"]
[WhiteElo "1854"]
[BlackElo "1931"]

1. d4 d5 2. Nc3 e6 3. f4 Nf6 4. Nf3 c5 5. e3 a6 6. Be2 Nc6 7. O-O cxd4 8. Nxd4
Nxd4 9. exd4 b5 10. Be3 Bb7 11. Bf3 Rb8 12. Ne2 Bd6 13. Ng3 g6 14. c3 h5 15. a3
Ng4 16. Bd2 Qh4 17. Bxg4 hxg4 18. Kf2 f5 19. Qe2 Qf6 20. Ke1 Rxh2 21. Be3 Rh7
22. Kd2 Rc8 23. Rh1 Rcc7 24. Rxh7 Rxh7 25. Rh1 Rxh1 26. Nxh1 Kf7 1/2-1/2

[Event "AUTO-ADV-4905"]
[Site "http://www.queenalice.com/game.php?id=1866004"]
[Date "2025.11.22"]
[Round "1"]
[White "Connor"]
[Black "Capixaba789"]
[Result "1/2-1/2"]
[WhiteElo "1934"]
[BlackElo "1851"]

1. d4 d5 2. e3 Bf5 3. c4 Nf6 4. Nf3 e6 5. Nc3 Be7 6. cxd5 exd5 7. Bd3 Ne4 8. O-O
Nc6 9. a3 Nxc3 10. bxc3 Bxd3 11. Qxd3 O-O 12. e4 dxe4 13. Qxe4 f5 14. Qd3 a6 15.
a4 Qe8 16. Re1 Qf7 17. Ne5 Nxe5 18. Rxe5 Bd6 19. Ba3 Bxe5 20. Bxf8 Bxh2+ 21.
Kxh2 Qxf8 22. Qg3 f4 23. Qf3 c6 24. c4 Qf6 25. Rd1 Rd8 1/2-1/2

[Event "AUTO-ADV-4896"]
[Site "http://www.queenalice.com/game.php?id=1866050"]
[Date "2025.11.23"]
[Round "2"]
[White "Daniel1962"]
[Black "Connor"]
[Result "0-1"]
[WhiteElo "1705"]
[BlackElo "1899"]

1. e4 e5 2. Bc4 Nf6 3. d3 Be7 4. Nc3 d6 5. Bg5 a6 6. Nd5 Nxd5 7. Bxe7 Nxe7 8.
Nf3 Nbc6 9. Ng5 O-O 10. Qf3 d5 11. exd5 Nd4 12. Qd1 Nxd5 13. Bxd5 Qxd5 14. c3
Qxg2 15. Rf1 Qxg5 16. cxd4 exd4 17. Qf3 Re8+ 18. Kd1 Bg4 19. Qxg4 Qxg4+ 20. f3
Qe6 21. b3 Qe2+ 22. Kc1 Qxf1+ 0-1

[Event "AUTO-ADV-4865"]
[Site "http://www.queenalice.com/game.php?id=1866123"]
[Date "2025.11.24"]
[Round "2"]
[White "Connor"]
[Black "IranSilva"]
[Result "0-1"]
[WhiteElo "1895"]
[BlackElo "2258"]

1. d4 d5 2. e3 Nf6 3. c4 c6 4. Nf3 Bf5 5. cxd5 cxd5 6. Nc3 e6 7. Bd3 Bxd3 8.
Qxd3 a6 9. a3 Nc6 10. b4 Be7 11. Bb2 O-O 12. O-O b5 13. Rac1 Rc8 14. Ne2 Nb8 15.
Rxc8 Qxc8 16. Rc1 Qb7 17. Ne5 Nfd7 18. Nxd7 Nxd7 19. Qc2 Re8 20. Qc6 Qa7 21. Qc7
Qxc7 22. Rxc7 Nb6 23. Nc3 Nc4 24. Bc1 Bf6 25. a4 Be7 26. axb5 Bxb4 27. Na2 a5
28. Nxb4 axb4 29. Rc6 Rb8 0-1

[Event "AUTO-ADV-4865"]
[Site "http://www.queenalice.com/game.php?id=1866124"]
[Date "2025.11.24"]
[Round "2"]
[White "IranSilva"]
[Black "Connor"]
[Result "1-0"]
[WhiteElo "2228"]
[BlackElo "1928"]

1. Nf3 d5 2. d4 e6 3. Bf4 c5 4. e3 Nf6 5. c3 Nc6 6. Bd3 c4 7. Bc2 Bd6 8. Bg3 Nh5
9. Bxd6 Qxd6 10. Ne5 Nxe5 11. Qxh5 g6 12. Qxe5 1-0

[Event "AUTO-ADV-4865"]
[Site "http://www.queenalice.com/game.php?id=1866125"]
[Date "2025.11.24"]
[Round "2"]
[White "Connor"]
[Black "Zeca1955"]
[Result "0-1"]
[WhiteElo "1924"]
[BlackElo "1915"]

1. d4 d5 2. e3 Nf6 3. c4 b6 4. b4 a6 5. Nc3 Bb7 6. c5 bxc5 7. bxc5 e6 8. Nf3 h6
9. h3 Nc6 10. Qa4 Be7 11. Rb1 Qc8 12. Ne5 O-O 13. Nxc6 Bxc6 14. Qxc6 Nd7 15. Qb7
a5 16. Qxc8 Rfxc8 17. Na4 Rab8 18. Rxb8 Rxb8 19. Nc3 c6 20. g3 e5 21. Be2 Re8
22. O-O exd4 23. exd4 Bf6 24. Be3 Nxc5 0-1

[Event "AUTO-ADV-4865"]
[Site "http://www.queenalice.com/game.php?id=1866126"]
[Date "2025.11.24"]
[Round "2"]
[White "Zeca1955"]
[Black "Connor"]
[Result "1/2-1/2"]
[WhiteElo "1931"]
[BlackElo "1907"]

1. e4 e5 2. d3 d6 3. Nf3 Be7 4. Be2 Nf6 5. h3 Nc6 6. c3 a6 7. Bg5 Nd7 8. Bxe7
Qxe7 9. Nbd2 h6 10. Nf1 Nf6 11. Ng3 Nd8 12. Qc2 Ne6 13. O-O Nh7 14. d4 Neg5 15.
Rad1 Nxf3+ 16. Bxf3 Ng5 17. Qe2 Nxf3+ 18. Qxf3 Be6 19. d5 Bd7 20. c4 O-O 21. b3
Qg5 22. Kh2 f5 23. Qh5 Qxh5 24. Nxh5 fxe4 25. Ng3 Bf5 26. Kg1 Bg6 27. Rfe1 Rf4
28. Ne2 Rf6 29. g3 Raf8 30. Rf1 Rf3 31. Kg2 Rd3 32. Rde1 Bh5 33. g4 Bg6 34. Ng3
Rd2 35. Re2 Rxe2 36. Nxe2 b6 37. Ng3 a5 38. a4 Rf3 39. Rb1 Kf7 40. b4 axb4 41.
Rxb4 Ra3 42. Nf1 Kf6 43. h4 h5 44. g5+ Kf5 45. Ne3+ Kf4 46. a5 Rxa5 47. Rb3 Be8
48. Kh3 Kf3 49. Nd1+ Ke2 50. Rb1 Ra3+ 51. Kg2 Ba4 52. Ne3 g6 53. Rb2+ Kd3 54.
Rb1 Bb3 55. Rc1 Ra4 56. Rc3+ 1/2-1/2